Những qui trình kỹ thuật mạ kim loại và hợp kim. T.1, Mạ điện /
Cơ sở điện hoá học, những nguyên tắc cơ bản trong chọn lựa sử dụng lớp mạ điện kim loại, các phương pháp gia công bề mặt vật mạ trước khi mạ điện, một số qui trình kỹ thuật mạ điện kim loại.
Wedi'i Gadw mewn:
| Prif Awdur: | |
|---|---|
| Fformat: | Llyfr |
| Iaith: | Vietnamese |
| Cyhoeddwyd: |
Tp.HCM :
Khoa học và kỹ thuật,
1997.
|
| Pynciau: | |
| Tagiau: |
Ychwanegu Tag
Dim Tagiau, Byddwch y cyntaf i dagio'r cofnod hwn!
|
| Thư viện lưu trữ: | Mạng thư viện Đại học Đà Nẵng |
|---|
| LEADER | 01268cam a2200373 a 4500 | ||
|---|---|---|---|
| 001 | 000042149 | ||
| 003 | 22 | ||
| 005 | 20070518135037.0 | ||
| 008 | 010301b1997 vm 000 vie | ||
| 020 | |c 20000 | ||
| 040 | |a IRC |c IRC |d IRC | ||
| 041 | 0 | |a vie | |
| 082 | 1 | 4 | |a 671.7 |b NG-K |
| 100 | 1 | |a Nguyễn Khương, |c PTS. | |
| 245 | 1 | 6 | |a Những qui trình kỹ thuật mạ kim loại và hợp kim. |n T.1, |p Mạ điện / |c Nguyễn Khương. |
| 260 | |a Tp.HCM : |b Khoa học và kỹ thuật, |c 1997. | ||
| 300 | |a 224 tr. ; |c 20,5 cm. | ||
| 520 | 3 | |a Cơ sở điện hoá học, những nguyên tắc cơ bản trong chọn lựa sử dụng lớp mạ điện kim loại, các phương pháp gia công bề mặt vật mạ trước khi mạ điện, một số qui trình kỹ thuật mạ điện kim loại. | |
| 630 | 0 | 4 | |a Mạ điện. |
| 630 | 0 | 4 | |a Luyện kim. |
| 630 | 0 | 4 | |a Hợp kim. |
| 650 | 0 | 4 | |a Mạ điện |x Kỹ thuật. |
| 650 | 0 | 4 | |a Mạ điện |x Hợp kim. |
| 650 | 0 | 4 | |a Mạ kim loại |x Kỹ thuật. |
| OWN | |a DUT | ||
| 999 | |a From the UDN01 | ||
| TYP | |a Monograph | ||
| TYP | |a Printed language | ||
| 980 | |a Mạng thư viện Đại học Đà Nẵng | ||